Normal view
MARC view
Entry Topical Term
001 - CONTROL NUMBER
- control field: 31993
003 - CONTROL NUMBER IDENTIFIER
- control field: dpl
005 - DATE AND TIME OF LATEST TRANSACTION
- control field: 20110809110941.0
008 - FIXED-LENGTH DATA ELEMENTS
- fixed length control field: 110809|||a|||||| | ||| d
040 ## - CATALOGING SOURCE
- Original cataloging agency: dpl
- Transcribing agency: dpl
150 ## - HEADING--TOPICAL TERM
- Topical term or geographic name as entry element: Higher education
- Geographic subdivision: India
670 ## - SOURCE DATA FOUND
- Source citation: Work cat.: (dpl)38924: Bansal, Vinod Kumar 31992, Challenges in higher education in 21st century /, 2011
670 ## - SOURCE DATA FOUND
- Source citation: Work cat.: (dpl)38924: Bansal, Vinod Kumar 31992, Challenges in higher education in 21st century /, 2011
